Statistics for Countries, US States, Capitals, Elements, 100 Most Common Words: Answers beginning answers

Click here to take the quiz!

General Stats

  • This quiz has been taken 542 times
  • The average score is 28 of 46

Answer Stats

ANSWER% Correct
A (About)
96%
I (Iceland)
94%
An (And)
85%
Be (Because)
83%
And (Andorra)
81%
In (India)
79%
Me (Meitnerium)
79%
No (Nobelium)
75%
Do (Dodoma)
74%
At (Athens)
72%
We (Well)
72%
The (Their)
71%
As (Ashgabat)
70%
He (Helena)
70%
On (One)
70%
Can (Canada)
69%
It (Italy)
69%
So (Sodium)
69%
To (Togo)
69%
Go (Gold)
68%
Us (Use)
63%
You (Your)
63%
New (New Delhi)
61%
Or (Oregon)
59%
India (Indiana)
56%
Mexico (Mexico City)
55%
Guatemala (Guatemala City)
54%
Andorra (Andorra la Vella)
53%
Vatican City (Vatican City)
52%
Luxembourg (Luxembourg)
51%
Panama (Panama City)
51%
Indiana (Indianapolis)
50%
Singapore (Singapore)
49%
Monaco (Monaco)
48%
Well (Wellington)
48%
Kuwait (Kuwait City)
47%
San Marino (San Marino)
47%
Guinea (Guinea-Bissau)
45%
Djibouti (Djibouti)
44%
Oklahoma (Oklahoma City)
43%
São Tomé (São Tomé and Príncipe)
42%
Niger (Nigeria)
41%
Tunis (Tunisia)
38%
Washington (Washington D.C.)
36%
Dominica (Dominican Republic)
34%
Georgia (Georgia)
31%

Score Distribution

Percentile by Number Answered

Percent of People with Each Score

Your Score History

You have not taken this quiz